000 00299nam a2200109Ia 4500
008 220204s9999 xx 000 0 und d
082 _a336.748.12
_bROB
100 _aROBBINS
245 0 _aAgainst inflation: Speeches in the second chamber 1965-1977
260 _aLondon
_bMacmillan
_c1979
942 _cBK
999 _c31798
_d31798